| 000 | 006540000a22001810004500 | ||
|---|---|---|---|
| 090 |
_aAR _b03803 |
||
| 245 | 1 | 0 |
_aBiodiversity _sperspectives and technological oportunities, the environment, biodiversity and emerging infectious diseases |
| 500 | _aColección Recursos Genéticos | ||
| 650 | 1 | 4 |
_aBiotecnología _992825 |
| 650 | 1 | 4 |
_aEpidemiología _978771 |
| 650 | 1 | 4 |
_aSalud pública _992829 |
| 650 | 1 | 4 |
_aProblemas ambientales _914279 |
| 651 | 4 |
_pBrasil _992749 |
|
| 041 | 0 | _aInglés | |
| 100 | 1 |
_aF. de M. Santos, Isabel Kinney _997605 |
|
| 942 | _cARTICULO | ||
| 773 | 1 |
_thttp://www.bdt.fat.org.br./publicacoes/padct/bio/cap9/2/Isabel.html _q1-13 _d1996 |
|
| 999 |
_c12839 _d12839 |
||